000 00669cam a2200217 4500500
005 20260405003930.0
041 _afre
042 _adc
100 1 0 _aEltchaninoff, Michel
_eauthor
245 0 0 _aIsraël-Iran : la guerre des millénarismes. La chronique de Michel Eltchaninoff
260 _c2025.
500 _a49
690 _aApocalypse
690 _aGuerre
690 _aHubris
690 _aIran
690 _aIsraël
690 _aMichel Eltchaninoff
786 0 _nPhilosophie magazine | 191 | 7 | 2025-07-01 | p. 35-37 | 1951-1787
856 4 1 _uhttps://shs.cairn.info/magazine-philosophie-magazine-2025-7-page-35?lang=fr&redirect-ssocas=7080
999 _c2072229
_d2072229